Guide to: Information Technology: Act, Rules & Regulations (Record no. 121)

MARC details
000 -LEADER
fixed length control field 00421nam a22001577a 4500
005 - DATE AND TIME OF LATEST TRANSACTION
control field 20160427150610.0
008 - FIXED-LENGTH DATA ELEMENTS--GENERAL INFORMATION
fixed length control field 160427b xxu||||| |||| 00| 0 eng d
020 ## - INTERNATIONAL STANDARD BOOK NUMBER
ISBN 81-7534224-9
041 ## - LANGUAGE CODE
Language code of text/sound track or separate title eng
082 ## - DEWEY DECIMAL CLASSIFICATION NUMBER
Item number 00389
100 ## - MAIN ENTRY--AUTHOR NAME
Personal name Kanath, Nandan
245 ## - TITLE STATEMENT
Title Guide to: Information Technology: Act, Rules & Regulations
260 ## - PUBLICATION, DISTRIBUTION, ETC. (IMPRINT)
Place of publication New Delhi
Name of publisher Universal Law Publ. Co. Pvt.Ltd.
Year of publication 2001
300 ## - PHYSICAL DESCRIPTION
Number of Pages 227
942 ## - ADDED ENTRY ELEMENTS (KOHA)
Koha item type Books
Holdings
Lost status Damaged status Collection code Home library Current library Shelving location Date acquired Source of acquisition Cost, normal purchase price Full call number Accession Number Koha item type
    CS/IT JRU Library JRU Library SHELF-48-D 27/04/2016 PURCHASE 195.00 004 00389 Books